[Event "Oberliga Wuerttemberg 2324"]
[Site "Wuerttemberg"]
[Date "2024.04.14"]
[Round "9.3"]
[White "Svana, Peter"]
[Black "Hartmann, Martin"]
[Result "1-0"]
[WhiteElo "2275"]
[BlackElo "2158"]
[PlyCount "105"]
[EventDate "2023.09.17"]
[EventType "team-tourn"]
[EventRounds "9"]
[EventCountry "GER"]
[SourceTitle "EXT 2025"]
[Source "ChessBase"]
[SourceDate "2024.10.14"]
[SourceVersion "1"]
[SourceVersionDate "2024.10.14"]
[SourceQuality "1"]
[WhiteTeam "Schwaebisch Hall"]
[BlackTeam "Bebenhausen"]
[WhiteTeamCountry "GER"]
[BlackTeamCountry "GER"]

1. d4 Nf6 2. c4 e6 3. Nc3 c5 4. d5 exd5 5. cxd5 d6 6. Nf3 g6 7. Bf4 Bg7 8. e3 0-0 9. Be2 Na6 10. 0-0 Re8 11. Nd2 Nc7 12. Nc4 Bf8 13. a4 b6 14. Re1 Ba6 15. b3 Qd7 16. Bf3 Rad8 17. e4 Bxc4 18. bxc4 Bg7 19. Ra3 Qe7 20. Nb5 a6 21. Na7 Nd7 22. Nc6 Qf6 23. Qc1 Ra8 24. Rb3 Bf8 25. Bg4 Ne5 26. Bxe5 dxe5 27. Rxb6 Bd6 28. Bd7 Rf8 29. f4 Ne8 30. Nxe5 Bxe5 31. Rxf6 Bd4+ 32. Kh1 Nxf6 33. Bh3 Rab8 34. e5 Nh5 35. f5 Ng7 36. f6 Ne8 37. Bd7 Kh8 38. g3 Rg8 39. Qg5 Rb7 40. Bxe8 Rxe8 41. Qh6 Rg8 42. Re4 g5 43. e6 Rb1+ 44. Kg2 Rb2+ 45. Kh3 Bg1 46. Kg4 Rxh2 47. Qxh2 Bxh2 48. e7 h5+ 49. Kxh5 Bxg3 50. e8Q Rxe8 51. Rxe8+ Kh7 52. Kxg5 a5 53. Rf8 1-0

[Event "Oberliga Wuerttemberg 2324"]
[Site "Wuerttemberg"]
[Date "2023.10.15"]
[Round "2.3"]
[White "Bergner, Philipp"]
[Black "Hartmann, Martin"]
[Result "1/2-1/2"]
[WhiteElo "2164"]
[BlackElo "2162"]
[PlyCount "50"]
[EventDate "2023.09.17"]
[EventType "team-tourn"]
[EventRounds "9"]
[EventCountry "GER"]
[SourceTitle "EXT 2025"]
[Source "ChessBase"]
[SourceDate "2024.10.14"]
[SourceVersion "1"]
[SourceVersionDate "2024.10.14"]
[SourceQuality "1"]
[WhiteTeam "Schwaebisch Gmuend"]
[BlackTeam "Bebenhausen"]
[WhiteTeamCountry "GER"]
[BlackTeamCountry "GER"]

1. d4 d5 2. c4 e6 3. Nc3 c5 4. cxd5 cxd4 5. Qa4+ Bd7 6. Qxd4 exd5 7. Qxd5 Nf6 8. Qd1 Nc6 9. Nf3 Bc5 10. a3 Qe7 11. Bf4 Rd8 12. e3 0-0 13. Qc2 Bg4 14. Be2 Bxf3 15. gxf3 Nh5 16. Ne4 Nxf4 17. Qxc5 Qxc5 18. Nxc5 Nxe2 19. Kxe2 b6 20. Ne4 f5 21. Ng5 Rfe8 22. Rhd1 Nd4+ 23. Kf1 Nb3 24. Rxd8 Rxd8 25. Re1 h6 1/2-1/2

[Event "Oberliga Wuerttemberg 2223"]
[Site "Wuerttemberg"]
[Date "2023.04.23"]
[Round "8.5"]
[White "Hartmann, Martin"]
[Black "Thoma, Christian"]
[Result "0-1"]
[WhiteElo "2186"]
[BlackElo "2198"]
[PlyCount "112"]
[EventDate "2022.09.18"]
[EventType "team-tourn"]
[EventRounds "9"]
[EventCountry "GER"]
[SourceTitle "EXT 2025"]
[Source "ChessBase"]
[SourceDate "2024.10.14"]
[SourceVersion "1"]
[SourceVersionDate "2024.10.14"]
[SourceQuality "1"]
[WhiteTeam "Bebenhausen"]
[BlackTeam "Schmiden/Cannstatt"]
[WhiteTeamCountry "GER"]
[BlackTeamCountry "GER"]

1. e4 c5 2. Nf3 d6 3. d4 cxd4 4. Nxd4 Nf6 5. f3 e5 6. Nb3 a5 7. a4 Be7 8. Nc3 0-0 9. Bc4 Nbd7 10. Be3 Nb6 11. Qd3 Nxc4 12. Qxc4 Bd7 13. 0-0 Rc8 14. Qe2 Be6 15. Rfd1 Bc4 16. Qf2 Rc6 17. Nd5 Bxd5 18. exd5 Ra6 19. c4 Nd7 20. Rac1 b6 21. f4 exf4 22. Bxf4 Nc5 23. Nd4 Qd7 24. b3 Bf6 25. Qg3 Raa8 26. Nb5 Be5 27. Bxe5 dxe5 28. d6 e4 29. Rd5 f5 30. Rf1 Rf6 31. Qh3 Raf8 32. Re5 R8f7 33. Rd1 Rh6 34. Qc3 f4 35. Rf1 Rg6 36. Kh1 h6 37. Qd4 Qg4 38. Re8+ Kh7 39. Qg1 e3 40. Rxe3 fxe3 41. Rxf7 e2 42. h3 Qxh3+ 43. gxh3 Rxg1+ 44. Kxg1 e1Q+ 45. Kg2 Qe2+ 46. Rf2 Qe4+ 47. Kh2 Qd3 48. Rf7 Kg6 49. Rf2 Kh5 50. Rg2 g5 51. Rg4 Qc2+ 52. Kg1 Qxb3 53. Kh2 Qc2+ 54. Kg1 Qd1+ 55. Kh2 Ne6 56. c5 bxc5 0-1

[Event "Oberliga Wuerttemberg 2223"]
[Site "Wuerttemberg"]
[Date "2022.11.27"]
[Round "4.4"]
[White "Hartmann, Martin"]
[Black "Ruf, Matthias"]
[Result "1/2-1/2"]
[WhiteElo "2131"]
[BlackElo "2332"]
[PlyCount "64"]
[EventDate "2022.09.18"]
[EventType "team-tourn"]
[EventRounds "9"]
[EventCountry "GER"]
[SourceTitle "EXT 2025"]
[Source "ChessBase"]
[SourceDate "2024.10.14"]
[SourceVersion "1"]
[SourceVersionDate "2024.10.14"]
[SourceQuality "1"]
[WhiteTeam "Bebenhausen"]
[BlackTeam "Deizisau II"]
[WhiteTeamCountry "GER"]
[BlackTeamCountry "GER"]

1. e4 d6 2. d4 Nf6 3. Nc3 Nbd7 4. g4 h6 5. h3 a6 6. Nf3 c5 7. Bg2 cxd4 8. Nxd4 g6 9. 0-0 e5 10. Nb3 g5 11. a4 Be7 12. a5 Nf8 13. Be3 Be6 14. Nd5 Bxd5 15. exd5 Ng6 16. c4 Nf4 17. Bxf4 gxf4 18. Qd3 Rg8 19. c5 h5 20. f3 dxc5 21. Rad1 Qd6 22. Rfe1 Rd8 23. Qf5 c4 24. Nc1 Qc5+ 25. Kh1 Rxd5 26. Rxd5 Qxd5 27. Rxe5 Qd1+ 28. Kh2 Nd7 29. Rd5 Qxc1 30. Rxd7 Qe1 31. Rxb7 Qg3+ 32. Kh1 Qe1+ 1/2-1/2

[Event "GER-ch Net Amateur Gr-A Vor3"]
[Site "Playchess.com INT"]
[Date "2020.04.16"]
[Round "3"]
[White "Hartmann, Martin"]
[Black "Acikel, Mert"]
[Result "1-0"]
[WhiteElo "1989"]
[BlackElo "1823"]
[PlyCount "147"]
[EventDate "2020.04.16"]
[EventType "swiss (blitz)"]
[EventRounds "9"]
[EventCountry "GER"]
[SourceTitle "CBM 195 Extra"]
[Source "ChessBase"]
[SourceDate "2020.05.31"]
[SourceVersion "1"]
[SourceVersionDate "2020.05.31"]
[SourceQuality "1"]

1. e4 e5 2. Nf3 Nc6 3. d4 exd4 4. Bc4 Bc5 5. c3 Nf6 6. cxd4 Bb4+ 7. Kf1 Nxe4 8. d5 Ne7 9. Qd4 Nf6 10. Bg5 Ng6 11. Nc3 Be7 12. h4 h6 13. Bd2 d6 14. h5 Ne5 15. Nxe5 dxe5 16. Qxe5 0-0 17. Re1 Bd6 18. Qd4 Bf5 19. Bf4 a6 20. Bxd6 Qxd6 21. Re5 Bh7 22. Rh3 Rfe8 23. Rhe3 Rxe5 24. Qxe5 Ng4 25. Qe8+ Qf8 26. Qxf8+ Kxf8 27. Rg3 Nf6 28. Rf3 Ke7 29. Re3+ Kd6 30. b4 Re8 31. Rh3 Bf5 32. Rg3 b5 33. Be2 g5 34. hxg6 fxg6 35. a4 bxa4 36. Nxa4 Nxd5 37. Bxa6 Nxb4 38. Bc4 c5 39. Nc3 Ra8 40. Re3 Nc6 41. Nb5+ Kd7 42. f3 Nd4 43. Nc3 Ra1+ 44. Kf2 Rc1 45. Bb5+ Kd6 46. Be8 h5 47. Ne4+ Bxe4 48. Rxe4 Nf5 49. Bxg6 Rc2+ 50. Kg1 Ng3 51. Re1 Rd2 52. Re8 Kc6 53. Rc8+ Kb5 54. Be8+ Kb4 55. Rb8+ Kc4 56. Bf7+ Kd4 57. Rd8+ Kc3 58. Rc8 Kb4 59. Kh2 Ne2 60. Bxh5 Nf4 61. Bf7 Nxg2 62. Kh1 Ne3 63. Rb8+ Kc3 64. Rb3+ Kd4 65. Bg6 c4 66. Rb8 Kc3 67. f4 Nd5 68. f5 Nf6 69. Rf8 Ne4 70. f6 Ng5 71. Bh5 Rf2 72. f7 Kd2 73. Rd8+ Ke1 74. f8Q 1-0

[Event "GER-ch Net Amateur Gr-A Vor2"]
[Site "Playchess.com INT"]
[Date "2020.04.15"]
[Round "8"]
[White "Hahn, Markus"]
[Black "Hartmann, Martin"]
[Result "1-0"]
[WhiteElo "1875"]
[BlackElo "2009"]
[PlyCount "89"]
[EventDate "2020.04.15"]
[EventType "swiss (blitz)"]
[EventRounds "9"]
[EventCountry "GER"]
[SourceTitle "CBM 196 Extra"]
[Source "ChessBase"]
[SourceDate "2020.07.31"]
[SourceVersion "1"]
[SourceVersionDate "2020.07.31"]
[SourceQuality "1"]

1. e4 e5 2. Nf3 Nc6 3. Bb5 a6 4. Ba4 Nf6 5. 0-0 Be7 6. Re1 b5 7. Bb3 0-0 8. c3 d5 9. exd5 Nxd5 10. Nxe5 Nxe5 11. Rxe5 Nf6 12. d4 Bd6 13. Bf4 Bxe5 14. Bxe5 Re8 15. Nd2 Be6 16. Bc2 Nd7 17. Bg3 c6 18. Qh5 Nf6 19. Qh4 c5 20. Be5 h6 21. h3 cxd4 22. Bxd4 Nd5 23. Qe4 g6 24. Qe5 f6 25. Qg3 g5 26. Ne4 Nf4 27. Qf3 Bd5 28. g3 Ne2+ 29. Qxe2 f5 30. Qh5 Re6 31. Nc5 Qe8 32. Qxe8+ Rexe8 33. Kf1 Bc4+ 34. Kg2 Bd5+ 35. Kh2 Re2 36. Bxf5 Rxb2 37. a4 Rf8 38. Be6+ Bxe6 39. Nxe6 Rc8 40. axb5 axb5 41. Ra7 Rxf2+ 42. Bxf2 Rc6 43. Rg7+ Kh8 44. Bd4 Rxe6 45. Rg6+ 1-0

[Event "GER-ch Net Amateur Gr-A Vor2"]
[Site "Playchess.com INT"]
[Date "2020.04.15"]
[Round "3"]
[White "Hartmann, Martin"]
[Black "Krasov, Oleksi"]
[Result "0-1"]
[WhiteElo "2009"]
[BlackElo "1832"]
[PlyCount "80"]
[EventDate "2020.04.15"]
[EventType "swiss (blitz)"]
[EventRounds "9"]
[EventCountry "GER"]
[SourceTitle "CBM 196 Extra"]
[Source "ChessBase"]
[SourceDate "2020.07.31"]
[SourceVersion "1"]
[SourceVersionDate "2020.07.31"]
[SourceQuality "1"]

1. e4 c5 2. Nf3 Nc6 3. d4 cxd4 4. Nxd4 e5 5. Nb5 a6 6. Nd6+ Bxd6 7. Qxd6 Qe7 8. Qxe7+ Ngxe7 9. c3 d5 10. exd5 Nxd5 11. Bc4 Be6 12. Na3 Na5 13. Bd3 0-0-0 14. Ke2 Rhe8 15. Bg5 f6 16. Bh4 Nf4+ 17. Kf1 Nxd3 18. h3 Nxb2 19. Rb1 Rd1+ 20. Rxd1 Nxd1 21. Ke2 Nxc3+ 22. Kd2 Nxa2 23. Nc2 Rd8+ 24. Ke2 Nc3+ 25. Kf3 Rd3+ 26. Ne3 Nc4 27. Rc1 Nxe3 28. fxe3 Kd7 29. Be1 Bd5+ 30. Kf2 Ne4+ 31. Ke2 Ra3 32. Bb4 Ra2+ 33. Kd3 Nd6 34. Rd1 Ke6 35. e4 Nxe4 36. Ke3 Nd6 37. g4 Nc4+ 38. Kd3 Nb2+ 39. Kc2 Nxd1+ 40. Kxd1 Bg2 0-1

[Event "GER-ch Net Amateur Gr-A Vor1"]
[Site "Playchess.com INT"]
[Date "2020.04.14"]
[Round "9"]
[White "Jahnz, Fabian"]
[Black "Hartmann, Martin"]
[Result "1-0"]
[WhiteElo "1986"]
[BlackElo "2011"]
[PlyCount "79"]
[EventDate "2020.04.14"]
[EventType "swiss (blitz)"]
[EventRounds "9"]
[EventCountry "GER"]
[SourceTitle "EXT 2021"]
[Source "ChessBase"]
[SourceDate "2020.10.23"]
[SourceVersion "1"]
[SourceVersionDate "2020.10.23"]
[SourceQuality "1"]

1. Nf3 Nf6 2. g3 g6 3. Bg2 Bg7 4. 0-0 0-0 5. d4 d6 6. b3 Nbd7 7. Bb2 c6 8. c4 Re8 9. Nc3 e5 10. e3 Qc7 11. Rc1 b6 12. b4 Bb7 13. a4 Rad8 14. Qb3 Qb8 15. Rfd1 d5 16. dxe5 Nxe5 17. Nxe5 Rxe5 18. cxd5 cxd5 19. Nb5 Ree8 20. Nc7 Re7 21. Bxf6 Bxf6 22. Nxd5 Bxd5 23. Rxd5 Red7 24. Rcd1 Qc7 25. e4 Rxd5 26. Rxd5 Rc8 27. Bh3 Re8 28. Rd7 Qc1+ 29. Kg2 Rf8 30. Rxa7 Bd4 31. Qf3 Qb2 32. b5 Qa2 33. Qf4 Rd8 34. Bd7 h5 35. h4 Qb3 36. Bc6 Qb2 37. Bd5 Rf8 38. Rxf7 Rxf7 39. Qxf7+ Kh8 40. Qg8# 1-0

[Event "Verbandsliga Nordbaden 1920"]
[Site "Baden"]
[Date "2019.12.01"]
[Round "3.2"]
[White "Hauke, Christian"]
[Black "Hartmann, Martin"]
[Result "0-1"]
[WhiteElo "2174"]
[BlackElo "2134"]
[PlyCount "60"]
[EventDate "2019.09.29"]
[EventType "team-tourn"]
[EventRounds "9"]
[EventCountry "GER"]
[SourceTitle "EXT 2021"]
[Source "ChessBase"]
[SourceDate "2020.10.23"]
[SourceVersion "1"]
[SourceVersionDate "2020.10.23"]
[SourceQuality "1"]
[WhiteTeam "Bad Mergentheim II"]
[BlackTeam "Pforzheim"]
[WhiteTeamCountry "GER"]
[BlackTeamCountry "GER"]

1. d4 d6 2. Bg5 h6 3. Bh4 g5 4. Bg3 Bg7 5. Nc3 Nd7 6. e3 Ngf6 7. Bc4 c6 8. h4 g4 9. a3 b5 10. Bb3 Bb7 11. Qd3 a6 12. Qf5 c5 13. Bd5 Nxd5 14. Nxd5 0-0 15. Nf4 Nf6 16. Nh5 Nxh5 17. Qxh5 cxd4 18. exd4 Qd7 19. Ne2 Bxg2 20. 0-0-0 Bxh1 21. Rxh1 Rfc8 22. Kb1 Qc6 23. Rc1 Qe4 24. Nc3 Qf3 25. Nd5 Ra7 26. Ne3 Rac7 27. Nd5 Rb7 28. Re1 e6 29. Ne3 Qe4 30. Bxd6 Qxd4 0-1

[Event "Verbandsliga Nordbaden 1920"]
[Site "Baden"]
[Date "2019.09.29"]
[Round "1.3"]
[White "Cubek, Christian"]
[Black "Hartmann, Martin"]
[Result "1/2-1/2"]
[WhiteElo "2006"]
[BlackElo "2134"]
[PlyCount "52"]
[EventDate "2019.09.29"]
[EventType "team-tourn"]
[EventRounds "9"]
[EventCountry "GER"]
[SourceTitle "EXT 2021"]
[Source "ChessBase"]
[SourceDate "2020.10.23"]
[SourceVersion "1"]
[SourceVersionDate "2020.10.23"]
[SourceQuality "1"]
[WhiteTeam "Heidelberg"]
[BlackTeam "Pforzheim"]
[WhiteTeamCountry "GER"]
[BlackTeamCountry "GER"]

1. d4 d5 2. c4 e6 3. Nc3 c5 4. cxd5 cxd4 5. Qxd4 Nc6 6. Qd1 exd5 7. Qxd5 Bd7 8. e4 Nf6 9. Qd1 Bc5 10. Be2 Qb6 11. Na4 Bxf2+ 12. Kf1 Qd4 13. Nf3 Qxd1+ 14. Bxd1 Bd4 15. Nxd4 Nxd4 16. Be3 Bb5+ 17. Ke1 Rd8 18. Nc3 Bc6 19. e5 Ne4 20. Nxe4 Bxe4 21. Ba4+ Bc6 22. Bxd4 Rxd4 23. Bxc6+ bxc6 24. Rc1 Ke7 25. Rxc6 Rhd8 26. Rd6 R8xd6 1/2-1/2